| 000 | 00629nam a2200205 i 4500 | ||
|---|---|---|---|
| 001 | 102497 | ||
| 003 | ES-MaACL | ||
| 005 | 20230906183124.0 | ||
| 007 | t| | ||
| 008 | 051111s1946 ag ||||1| spa d | ||
| 100 | 1 |
_aMerezhkovsky, Dmitry Sergeyevich. _980486 |
|
| 245 | 1 | 0 |
_aMiguel Angel / _cpor Dimitri Merejkowsky ; [traducción de Emilio Nicastro]. |
| 260 |
_aBuenos Aires : _bArgonauta, _c1946. |
||
| 300 |
_a166 p., 3 h. ; _c19 cm. |
||
| 490 | 1 | _aBiblioteca moderna | |
| 700 | 1 |
_aNicastro, Emilio. _985527 |
|
| 830 | 0 |
_aBiblioteca moderna _9183640 |
|
| 852 |
_aES-MaACL _jD-5672 _bR.30627 |
||
| 999 |
_c102497 _d102497 |
||